000 00441pab a2200157 454500
008 180718b2013 xxu||||| |||| 00| 0 eng d
100 _aClerkm, Richard M. et al
245 _aPlace, time and philanthropy: Exploring geographic mobility and philanthropic engagement
260 _c2013
300 _ap.97-108.
362 _aJan-Feb
650 _aSocial mobility
773 _aPublic Administration Review
908 _aN
909 _a98872
999 _c98871
_d98871